| 000 | 01164cam a2200289 4500 | ||
|---|---|---|---|
| 001 | 000018300 | ||
| 005 | 20200929165438.0 | ||
| 008 | 700922s1969 enka 000 0 eng | ||
| 040 |
_aDO-SdBNP _cDLC _dDLC _dBNPHU |
||
| 041 | 1 | 7 |
_aeng _2rus |
| 082 |
_a891.7 _bC515p |
||
| 100 | 1 |
_aChekhov, Anton Pavlovich, _d1860-1904. _939633 |
|
| 240 | 1 | 0 |
_aPlays. _lEnglish. _kSelections |
| 245 | 1 | 0 |
_aChekhov plays, / _cAnton Pavlovich Chekhov ; introducción Arnold B. McMillin. ; ilustración Mette Ivers. ; traducción Elisaveta Fen. |
| 260 |
_aLondres : _bDistributed by Heron Books, _c1969. |
||
| 300 |
_a457 p. : _bil. ; _c21 cm. |
||
| 490 | 0 | _aBooks that have changed man's thinking | |
| 505 | 0 | _aThree sisters.--Uncle Vanya.--The cherry orchard.--Ivanov.--The sea-gull.--Appreciation. | |
| 600 | 1 | 0 |
_aCHEKHOV, ANTON PAVLOVICH, _d1860-1904 _xTRADUCCIÓN AL INGLES _939634 |
| 650 | 4 |
_aPoesía rusa _925299 |
|
| 650 | 4 |
_aLiteratura rusa _94743 |
|
| 700 | 1 |
_aMcMillin, Arnold B. _939635 |
|
| 700 | 1 |
_aIvers, Mette _939636 |
|
| 700 | 1 |
_aFen, Elisaveta, _etr. _939637 |
|
| 830 | 0 |
_aBooks that have changed man's thinking _939638 |
|
| 910 | _aCatalogación por derivada / LC | ||
| 999 |
_c17821 _d17821 |
||